000 00674nam a2200193Ia 4500
003 GCL
008 140319s9999 xx 000 0 ara d
040 _aGCL /
_cGCL
082 0 4 _a349.7
_bر ص
100 1 _aرافت محمد احمد حماد
245 1 0 _aالصورية فى القانون المدنى المصرى بين النظرية والتطبيق /
_cرافت محمد احمد حماد
260 _a[S.N] :
_bلجنة الاعلام والدراسات المستقبلية ،
_c1987
300 _a156 ص
490 _a
650 0 4 _aالقانون
650 0 4 _aالقانون المدنى
650 0 4 _aالقانون المقارن
942 _2ddc
_cBK
999 _c27740
_d27740